LDR 00958naa#a2200229#i#450# 001 EN\\bibl\117136 005 20260417090823.5 011 ## _a2782-5957 100 ## _a20260330b2026####ek#y0engy0150####ca 102 ## _aRU 200 1# _aSTUDY OF THE DEPENDENCE OF THE CUTTING TEMPERATURE ON THE MODES OF FLUOROPLAST-4 TURNING _eJournal article 210 1# _aBryansk _cBryansk State Technical University _d2026 215 ## _a6 с. 608 ## _aJournal article _2local 675 ## _aТочение. Обточка. Токарная обработка. Токарные станки. 621.941 _z 686 ## _aОбщая технология машиностроения. Обработка металлов. 345 _2bbk 700 #1 _aKisel' _gAnton Gennad'evich 700 #1 _aPeregoncev _gVladislav Vital'evich 700 #1 _aVishnevskiy _gAndrey Aleksandrovich 700 #1 _aShvedov _gAleksandr Yur'evich 700 #1 _aMamedkuliev Tural Sohrab ogly _gTural Sohrab ogly 856 4# _azh-szf.ru _u